|
|
|
|
| LEADER |
00000cas a2200000 a 4500 |
| 001 |
vtls008882881 |
| 003 |
SK-MaSNL |
| 005 |
20260228161421.0 |
| 008 |
141118d19671990xo er|p 0 0 b0slo c |
| 022 |
|
|
|a 0322-8444
|
| 035 |
|
|
|a (SVKBB03)vtls000118705
|
| 040 |
|
|
|a SVKBB
|b slo
|c SVKBB
|d SNK
|e AACR2
|
| 041 |
0 |
|
|a slo
|
| 044 |
|
|
|a xo
|c SK
|
| 072 |
|
7 |
|a 621
|x Strojárstvo
|2 konspekt
|
| 080 |
|
|
|a 621.82
|2 2001
|
| 080 |
|
|
|a 050
|2 2001
|
| 080 |
|
|
|a 621
|2 2001
|
| 210 |
0 |
|
|a Info ZVL
|
| 222 |
|
0 |
|a Info ZVL
|
| 245 |
0 |
0 |
|a ZVL info
|b časopis pre technickoekonomickú výchovu a propagáciu odborovej VHJ ZVL Závody na výrobu ložísk
|
| 260 |
|
|
|a Považská Bystrica
|b ZVL
|c 1967-1990
|
| 300 |
|
|
|a 24 zv.
|c 30-42 cm
|
| 310 |
|
|
|a 24x ročne
|b 1982-1990
|
| 321 |
|
|
|a 4x ročne
|b 1967
|
| 321 |
|
|
|a 1x mesačne
|b 1969-1981
|
| 362 |
0 |
|
|a Roč. 1, č. 1 (1967)-roč. 23, č. 7 (1990)
|
| 500 |
|
|
|a Podnázov sa mení
|
| 500 |
|
|
|a Od r. 1982 zmena formátu na 42 cm
|
| 515 |
|
|
|a Od č. 6/1973 chybné uvádzanie ročníkov
|
| 650 |
0 |
7 |
|a strojárstvo
|2 SNKPH
|9 674
|
| 655 |
|
7 |
|a podnikové časopisy
|2 SNKPH
|9 265225
|
| 910 |
|
|
|a snk
|
| 916 |
|
|
|a 1967-1990
|
| 999 |
|
|
|c 5290
|d 7220
|
| 952 |
|
|
|0 0
|1 0
|4 0
|7 0
|a SNK
|b SNK
|d 2014-10-30
|f 1
|i snkČSP 475/72
|l 0
|o snkČSB 1667/5/1971
|p 17A0760861
|r 2026-02-21 19:45:13
|t č. 1-12
|w 2026-02-21
|y PREZ
|
| 952 |
|
|
|0 0
|1 0
|4 0
|7 0
|a SNK
|b SNK
|d 2014-10-30
|f 1
|i snkČSP 1107/73
|l 0
|o snkČSB 1667/6/1972
|p 17A0760860
|r 2026-02-21 19:45:13
|t č. 1-12
|w 2026-02-21
|y PREZ
|
| 952 |
|
|
|0 0
|1 0
|4 0
|7 0
|a SNK
|b SNK
|d 2014-10-30
|f 1
|i snkČSP 967/75
|l 0
|o snkČSB 1667/7/1973
|p 17A0760858
|r 2026-02-21 19:45:14
|t č. 1-11
|w 2026-02-21
|y PREZ
|
| 952 |
|
|
|0 0
|1 0
|4 0
|7 0
|a SNK
|b SNK
|d 2014-10-30
|f 1
|i snkČSP 969/75
|l 0
|o snkČSB 1667/7[8]/1974
|p 17A0760832
|r 2026-02-21 19:45:15
|t č. 1-12
|w 2026-02-21
|y PREZ
|
| 952 |
|
|
|0 0
|1 0
|4 0
|7 0
|a SNK
|b SNK
|d 2014-10-30
|f 1
|i snkČSP 1039/76
|l 0
|o snkČSB 1667/8[9]/1975
|p 17A0760831
|r 2026-02-21 19:45:15
|t č. 1-12
|w 2026-02-21
|y PREZ
|
| 952 |
|
|
|0 0
|1 0
|4 0
|7 0
|a SNK
|b SNK
|d 2014-10-30
|f 1
|i snkČSP 600/77
|l 0
|o snkČSB 1667/9[10]/1976
|p 17A0760862
|r 2026-02-21 19:45:15
|t č. 1-12
|w 2026-02-21
|y PREZ
|
| 952 |
|
|
|0 0
|1 0
|4 0
|7 0
|a SNK
|b SNK
|d 2014-10-30
|f 1
|i snkČSP 1722/77
|l 0
|o snkČSB 1667/10[11]/1977
|p 17A0760945
|r 2026-02-21 19:45:15
|t č. 1-12
|w 2026-02-21
|y PREZ
|
| 952 |
|
|
|0 0
|1 0
|4 0
|7 0
|a SNK
|b SNK
|d 2014-10-30
|f 1
|i snkČSP 627/78
|l 0
|o snkČSB 1667/11[12]/1978
|p 17A0760946
|r 2026-02-21 19:45:15
|t č. 1-12
|w 2026-02-21
|y PREZ
|
| 952 |
|
|
|0 0
|1 0
|4 0
|7 0
|a SNK
|b SNK
|d 2014-10-30
|f 1
|i snkČSP 325/80
|l 0
|o snkČSB 1667/12[13]/1979
|p 17A0760822
|r 2026-02-21 19:45:15
|t č. 1-12
|w 2026-02-21
|y PREZ
|
| 952 |
|
|
|0 0
|1 0
|4 0
|7 0
|a SNK
|b SNK
|d 2014-10-30
|f 1
|i snkČSP 21/81
|l 0
|o snkČSB 1667/13[14]/1980
|p 17A0760823
|r 2026-02-21 19:45:15
|t č. 1-12
|w 2026-02-21
|y PREZ
|
| 952 |
|
|
|0 0
|1 0
|4 0
|7 0
|a SNK
|b SNK
|d 2014-10-30
|f 1
|i snkČSP 679/82
|l 0
|o snkČSB 1667/14[15]/1981
|p 17A0857461
|r 2026-02-21 19:45:15
|t č. 1-12
|w 2026-02-21
|y PREZ
|
| 952 |
|
|
|0 0
|1 0
|4 0
|7 0
|a SNK
|b SNK
|d 2014-10-30
|f 1
|i snkČSP 73/83
|l 0
|o snkČSB 1667/15[16]/1982
|p 17A0857569
|r 2026-02-21 19:45:15
|t č. 1-24
|w 2026-02-21
|y PREZ
|
| 952 |
|
|
|0 0
|1 0
|4 0
|7 0
|a SNK
|b SNK
|d 2014-10-30
|f 1
|i snkČSP 381/84
|l 0
|o snkČSB 1667/16[17]/1983
|p 17A0857575
|r 2026-02-21 19:45:15
|t č. 1-24
|w 2026-02-21
|y PREZ
|
| 952 |
|
|
|0 0
|1 0
|4 0
|7 0
|a SNK
|b SNK
|d 2014-10-30
|f 1
|i snkČSP 701/85
|l 0
|o snkČSB 1667/17[18]/1984
|p 17A0857576
|r 2026-02-21 19:45:19
|t č. 1-24
|w 2026-02-21
|y PREZ
|
| 952 |
|
|
|0 0
|1 0
|4 0
|7 0
|a SNK
|b SNK
|d 2014-10-30
|f 1
|i snkČSP 810/86
|l 0
|o snkČSB 1667/18[19]/1985
|p 17A0857480
|r 2026-02-21 19:45:19
|t č. 1-24
|w 2026-02-21
|y PREZ
|
| 952 |
|
|
|0 0
|1 0
|4 0
|7 0
|a SNK
|b SNK
|d 2014-10-30
|f 1
|i snkČSP 565/87
|l 0
|o snkČSB 1667/19[20]/1986
|p 17A0857577
|r 2026-02-21 19:45:19
|t č. 1-24
|w 2026-02-21
|y PREZ
|
| 952 |
|
|
|0 0
|1 0
|4 0
|7 0
|a SNK
|b SNK
|d 2014-10-30
|f 1
|i snkČSP 1265/88
|l 0
|o snkČSB 1667/20[21]/1987
|p 17A0857578
|r 2026-02-21 19:45:19
|t č. 1-24
|w 2026-02-21
|y PREZ
|
| 952 |
|
|
|0 0
|1 0
|4 0
|7 0
|a SNK
|b SNK
|d 2014-10-30
|f 1
|i snkČSP 359/89
|l 0
|o snkČSB 1667/21[22]/1988
|p 17A0857505
|r 2026-02-21 19:45:20
|t č. 1-24
|w 2026-02-21
|y PREZ
|
| 952 |
|
|
|0 0
|1 0
|4 0
|7 0
|a SNK
|b SNK
|d 2014-10-30
|f 1
|i snkČSP 2783/90
|l 0
|o snkČSB 1667/22[23]/1989
|p 17A0857509
|r 2026-02-21 19:45:20
|t č. 1-24
|w 2026-02-21
|y PREZ
|
| 952 |
|
|
|0 0
|1 0
|4 0
|7 0
|a SNK
|b SNK
|d 2014-10-30
|f 1
|i snkČSP 3597/94
|l 0
|o snkČSB 1667/23[24]/1990
|p 17A0857511
|r 2026-02-21 19:45:23
|t č. 1-7
|w 2026-02-21
|y PREZ
|
| 952 |
|
|
|0 0
|1 0
|4 0
|7 0
|a SNK
|b SNK
|d 1997-07-17
|f 1
|i snkČSP 778/69
|l 0
|o snkČSB 1667/1/1967
|p 17A0082245
|r 2005-01-02 00:00:00
|t č. 1-4
|w 2026-02-21
|y PREZ
|
| 952 |
|
|
|0 0
|1 0
|4 0
|7 0
|a SNK
|b SNK
|d 1997-07-17
|f 1
|i snkČSP 691/71
|l 0
|o snkČSB 1667/4/1970
|p 17A0082234
|r 2005-01-02 00:00:00
|t č. 1-12
|w 2026-02-21
|y PREZ
|
| 952 |
|
|
|0 0
|1 0
|4 0
|7 0
|a SNK
|b SNK
|d 1997-07-17
|f 1
|i snkČSP 413/70
|l 0
|o snkČSB 1667/3/1969
|p 17A0082238
|r 2005-01-02 00:00:00
|t č. 1-12
|w 2026-02-21
|y PREZ
|
| 952 |
|
|
|0 0
|1 0
|4 0
|7 0
|a SNK
|b SNK
|d 1997-07-17
|f 1
|i snkČSP 748/71
|l 0
|o snkČSB 1667/2/1968
|p 17A0082936
|r 2005-01-02 00:00:00
|t č. 1-6
|w 2026-02-21
|y PREZ
|
| 952 |
|
|
|0 0
|1 0
|4 0
|7 0
|a SNK
|b SNK
|d 2015-09-03
|i snkČSP 702/1985
|l 0
|o snkČSB 1667/17[18]/1984 D1
|p 17A1079544
|r 2026-02-21 20:43:33
|w 2026-02-21
|y PREZ
|